000 01340nam2a2200313 4500
001 RU\NLR\bibl\60107
005 20250616091210.0
010 _a5-87113-072-2
_93000
021 _aRU
_b99-30180
_91474
035 _a(NLR Aleph) 000058627
090 _a318177
_c318177
100 _a19991123d1999 |||y0rusy50 ca
101 0 _arus
102 _aRU
105 _aa |||||||||
200 1 _aИгра теней, или Прогулки по Риму
_e[Пьесы]
210 _d1999
_aБ. м.
215 _a333,[2] с., [1] л. портр.
_cил.
327 1 _aСодерж.: Игра теней; Сочельник; Месса по деве; Жажда над ручьем; Кинороман: Прогулки по Риму
461 0 _1001RU\NLR\bibl\13821
_12001#$aСобрание сочинений$vТ. 4
_952455
_aЭдлис, Ю.
_cМ.
_d1998
_fЮлиу Эдлис
_nИзограф
_oВ 5 т.
_tСобрание сочинений
_vТ. 4
512 1 _6z45790
_aИгра теней, или Прогулки по Риму
517 0 _aПрогулки по Риму
790 1 _6z45512
_aЭдлис
_bЮ.
_gЮлиу
_4070
801 0 _aRU
_bNLR
_c19991123
_gPSBO
801 1 _aRU
_bNLR
_c19991123
852 _aNLR
_j98-3/9642
942 _cBOOK
980 _aNB